Analýza štruktúry poskytovateľov sociálnych služieb na Slovensku

Aktuálna problematika riešenia sociálno-zdravotných služieb v systéme sociálnej a zdravotnej starostlivosti. Heterogénna štruktúra poskytovateľov sociálnych služieb a vyvoláva diskusie k otázkam týkajúcich sa optimalizácie siete sociálnych zariadení v regiónoch Slovenska v kontexte demografických zm...

Ausführliche Beschreibung

Gespeichert in:
Bibliographische Detailangaben
1. Verfasser: Gavurová, Beáta, 1972-
Weitere Verfasser: Liptáková, Erika
Format: Buchkapitel
Sprache:Slowakisch
Schlagworte:
Tags: Tag hinzufügen
Keine Tags, Fügen Sie das erste Tag hinzu!

MARC

LEADER 00000naa a2200000 4500
001 0192724
005 20220726092202.9
041 0 |a slo 
044 |a SK 
245 1 0 |a Analýza štruktúry poskytovateľov sociálnych služieb na Slovensku  |c Beáta Gavurová, Erika Liptáková 
520 |a Aktuálna problematika riešenia sociálno-zdravotných služieb v systéme sociálnej a zdravotnej starostlivosti. Heterogénna štruktúra poskytovateľov sociálnych služieb a vyvoláva diskusie k otázkam týkajúcich sa optimalizácie siete sociálnych zariadení v regiónoch Slovenska v kontexte demografických zmien, ako aj morbidity obyvateľov, sociálnej odkázanosti z rôznych príčin a pod. V súčasnom období procesu globálneho starnutia je táto problematika vysoko aktuálna a predmetom rozsiahlych diskusií v odborných a vedeckých kruhoch. 
610 2 0 |a Slovensko 
610 2 0 |a starostlivosť zdravotná 
610 2 0 |a služby sociálne 
610 2 0 |a zariadenia starostlivosti sociálnej 
100 1 |a Gavurová, Beáta, 1972- 
700 1 |a Liptáková, Erika